Normal view
MARC view
- العقود- الانترنت - القانون
Entry Topical Term
001 - CONTROL NUMBER
- control field: 59167
003 - CONTROL NUMBER IDENTIFIER
- control field: JO-AjAnu
005 - DATE AND TIME OF LATEST TRANSACTION
- control field: 20230606083658.0
008 - FIXED-LENGTH DATA ELEMENTS
- fixed length control field: 230606|| aca||aabn | a|a d
040 ## - CATALOGING SOURCE
- Original cataloging agency: JO-AjAnu
- Transcribing agency: JO-AjAnu
150 ## - HEADING--TOPICAL TERM
- Topical term or geographic name entry element: العقود- الانترنت - القانون
670 ## - SOURCE DATA FOUND
- Source citation: Work cat.: (JO-AjAnu)30179: أبو شميس، سماهر عبد الكريم , author 59166, المسؤولية المدنية الإلكترونية القانون الواجب التطبيق: دراسة مقارنة